| 000 | 00512nam a22001937a 4500 | ||
|---|---|---|---|
| 003 | PILC | ||
| 005 | 20151028083428.0 | ||
| 008 | 130920t xxu||||| |||| 00| 0 eng d | ||
| 020 | _a9780755401369 | ||
| 050 |
_aPZ 8 _b.F172 2002 |
||
| 082 |
_aGS 398.21 _bT71f 2007 |
||
| 245 | _aFairy tales and nursery rhymes / | ||
| 260 |
_aChina : _bGrandreams Books, _c2002. |
||
| 300 |
_bcol. ill. ; _c29 cm. |
||
| 440 |
_aA Treasury of _921140 |
||
| 650 |
_a Fairy tales. _93114 |
||
| 942 |
_2lcc _cBK |
||
| 999 |
_c11819 _d11819 |
||